<?xml version="1.0" encoding="UTF-8"?><?xml-stylesheet type="text/xsl" href="static/style.xsl"?><OAI-PMH xmlns="http://www.openarchives.org/OAI/2.0/" xmlns:xsi="http://www.w3.org/2001/XMLSchema-instance" xsi:schemaLocation="http://www.openarchives.org/OAI/2.0/ http://www.openarchives.org/OAI/2.0/OAI-PMH.xsd"><responseDate>2026-04-13T01:28:10Z</responseDate><request verb="GetRecord" identifier="oai:www.recercat.cat:10459.1/63153" metadataPrefix="marc">https://recercat.cat/oai/request</request><GetRecord><record><header><identifier>oai:recercat.cat:10459.1/63153</identifier><datestamp>2024-12-05T21:31:46Z</datestamp><setSpec>com_2072_3622</setSpec><setSpec>col_2072_479130</setSpec></header><metadata><record xmlns="http://www.loc.gov/MARC21/slim" xmlns:dcterms="http://purl.org/dc/terms/" xmlns:xsi="http://www.w3.org/2001/XMLSchema-instance" xmlns:doc="http://www.lyncode.com/xoai" xsi:schemaLocation="http://www.loc.gov/MARC21/slim http://www.loc.gov/standards/marcxml/schema/MARC21slim.xsd">
   <leader>00925njm 22002777a 4500</leader>
   <datafield ind2=" " ind1=" " tag="042">
      <subfield code="a">dc</subfield>
   </datafield>
   <datafield ind2=" " ind1=" " tag="720">
      <subfield code="a">Verdú Surroca, Noemí</subfield>
      <subfield code="e">author</subfield>
   </datafield>
   <datafield ind2=" " ind1=" " tag="260">
      <subfield code="c">2018-04-27T10:35:32Z</subfield>
   </datafield>
   <datafield ind2=" " ind1=" " tag="260">
      <subfield code="c">2018-04-27T10:35:32Z</subfield>
   </datafield>
   <datafield ind2=" " ind1=" " tag="260">
      <subfield code="c">2016</subfield>
   </datafield>
   <datafield ind2=" " ind1=" " tag="520">
      <subfield code="a">Comunicació presentada al Worshop: Insegnare e valorizzare la Storia della Sardegna. Cultura, identità, scuola e innovazione didattica que va tenir lloc a Cagliari, el 25 i 26 de novembre del 2016</subfield>
   </datafield>
   <datafield ind2=" " ind1=" " tag="520">
      <subfield code="a">Actualmente hay un cambio de paradigma a nivel general en el ámbito educativo.&#xd;
Parece que las enseñanzas más tradicionales están en un segundo plano para dejar&#xd;
paso a “nuevas” metodologías más centradas en los estudiantes como sujetos activos&#xd;
de sus procesos de aprendizaje, favoreciendo procesos que propician aprendizajes&#xd;
significativos. El hecho de flexibilizar las metodologías favorece que se tengan en&#xd;
cuenta los diferentes tipos de aprendizaje y las inteligencias múltiples (Garner, 1994).&#xd;
También es importante que estos aprendizajes sean compartidos con los otros&#xd;
compañeros. De aquí la importancia del trabajo colaborativo, el cual no solamente&#xd;
favorece el intercambio de conocimiento y experiencias, sino que también favorece el&#xd;
compromiso de los estudiantes, las interacciones sociales y la comunicación, que&#xd;
desarrollen el pensamiento crítico, que contrasten ideas y que se responsabilicen de su&#xd;
aprendizaje. Y al mismo tiempo, el rol de los docentes es el de tutorizar, mediar, guiar,&#xd;
motivar, ayudar, etcétera.  </subfield>
   </datafield>
   <datafield ind1="8" ind2=" " tag="024">
      <subfield code="a">http://hdl.handle.net/10459.1/63153</subfield>
   </datafield>
   <datafield ind2="0" ind1="0" tag="245">
      <subfield code="a">El rol de las TIC como un recurso en la enseñanza y aprendizaje de la Historia</subfield>
   </datafield>
   <datafield ind2="0" ind1="0" tag="245">
      <subfield code="a">Insegnare e valorizzare la Storia della Sardegna. Cultura, identità, scuola e innovazione didattica.</subfield>
   </datafield>
</record></metadata></record></GetRecord></OAI-PMH>